| 000 | 01068cam a2200253 4500 | ||
|---|---|---|---|
| 001 | ABS64019 | ||
| 008 | 000000n2001 000 0 eng u | ||
| 035 | _a(Sirsi) u112777 | ||
| 100 | _aMcNaughton, R | ||
| 245 | 2 | _aA risky business | |
| 260 | _c2001 | ||
| 490 |
_aMunicipal Journal _v4 May 2001, 16(1) |
||
| 520 | _aLooks at the legacy of CCT procurement, a contracting style that has produced 'risk-dumping' contracts where contractors bear almost all the risk. The private sector has been reluctant to tender because of the potential risks in the contracts being offered. Suggests that risk management issues need to be addressed for local authority contracts with the private sector to work, and outlines ways in which both parties can learn from past experience. | ||
| 590 | _aABS | ||
| 650 | _aCCT | ||
| 650 | _aCOMPULSORY COMPETITIVE TENDERING | ||
| 650 | _aRISK MANAGEMENT | ||
| 650 | _aProcurement-old | ||
| 650 |
_aContracts _96232 |
||
| 650 | _aLOCAL AUTHORITIES | ||
| 650 | _aPRIVATE SECTOR | ||
| 690 | _aLOCAL GOVERNMENT | ||
| 942 | _n0 | ||
| 999 |
_c67148 _d67148 |
||